[Event "ROM-ch U08"]
[Site "Calimanesti"]
[Date "2013.04.08"]
[Round "9"]
[White "Macovei, David Sebastian"]
[Black "Balaban Voia, Alexandru"]
[Result "1-0"]
[WhiteElo "1173"]
[BlackElo "1249"]
[PlyCount "105"]
[EventDate "2013.04.02"]
[EventType "swiss"]
[EventRounds "9"]
[EventCountry "ROU"]
[SourceTitle "CBM 153 Extra"]
[Source "ChessBase"]
[SourceDate "2013.04.22"]
[SourceVersion "1"]
[SourceVersionDate "2013.04.22"]
[SourceQuality "1"]

1. e4 e5 2. Nf3 Nc6 3. Bc4 Nf6 4. Ng5 d5 5. exd5 Na5 6. Bb5+ Bd7 7. Qe2 Bd6 8. Nc3 a6 9. Bxd7+ Qxd7 10. d4 Qe7 11. Nf3 exd4 12. Qxe7+ Bxe7 13. Nxd4 0-0-0 14. Nf5 Bf8 15. Ne3 Bc5 16. 0-0 Bxe3 17. fxe3 Rhf8 18. e4 Rde8 19. Re1 Nd7 20. b3 Rg8 21. Ba3 b6 22. Re2 f6 23. Rd1 Nb7 24. d6 c5 25. Nd5 Nxd6 26. Nxb6+ Nxb6 27. Rxd6 Kc7 28. Bxc5 Rb8 29. Rxb6 Rxb6 30. Bxb6+ Kxb6 31. Kf2 Kc5 32. c3 Rd8 33. c4 Re8 34. Ke3 f5 35. Kf4 fxe4 36. Rxe4 Rxe4+ 37. Kxe4 Kd6 38. b4 Kc6 39. a4 Kd6 40. c5+ Kc7 41. b5 axb5 42. axb5 Kb7 43. Kd5 Kc8 44. c6 Kd8 45. b6 Ke8 46. b7 Kf7 47. b8Q Kf6 48. c7 Kg6 49. c8Q Kh5 50. Qh3+ Kg6 51. Qe8+ Kf6 52. Qf3+ Kg5 53. Qeh5# 1-0

[Event "ROM-ch U08"]
[Site "Calimanesti"]
[Date "2013.04.05"]
[Round "6"]
[White "Macovei, David Sebastian"]
[Black "Ionita, Stefan"]
[Result "1-0"]
[WhiteElo "1173"]
[BlackElo "1222"]
[PlyCount "81"]
[EventDate "2013.04.02"]
[EventType "swiss"]
[EventRounds "9"]
[EventCountry "ROU"]
[SourceTitle "CBM 153 Extra"]
[Source "ChessBase"]
[SourceDate "2013.04.22"]
[SourceVersion "1"]
[SourceVersionDate "2013.04.22"]
[SourceQuality "1"]

1. e4 c5 2. c3 d5 3. exd5 Qxd5 4. d4 cxd4 5. cxd4 Nc6 6. Nf3 e6 7. Nc3 Bb4 8. a3 Bxc3+ 9. bxc3 Nf6 10. Bg5 Ne4 11. Bd2 Bd7 12. Be2 Rc8 13. Qc2 Nxd4 14. Nxd4 Qxd4 15. Be3 Qxc3+ 16. Qxc3 Rxc3 17. Bxa7 f6 18. Bd4 Rc7 19. Bf3 Bc6 20. Rc1 Kd7 21. 0-0 Rcc8 22. Rfd1 Ke7 23. Re1 Ng5 24. Bg4 Bd5 25. h3 h5 26. Be2 e5 27. Be3 Rxc1 28. Rxc1 Bc6 29. Bc5+ Kf7 30. Bc4+ Kg6 31. Rd1 Nf7 32. Be6 b5 33. Bb4 Rd8 34. Bxf7+ Kxf7 35. Rxd8 g5 36. Rc8 Be8 37. Kf1 g4 38. hxg4 hxg4 39. Ke2 f5 40. Rc5 Ke6 41. Bc3 1-0